[Event "RUS-ch"]
[Site "Elista"]
[Date "1994.??.??"]
[Round "10"]
[White "Yemelin, Vasily"]
[Black "Svidler, Peter"]
[Result "1/2-1/2"]
[WhiteElo "2520"]
[BlackElo "2550"]
[Annotator "Svidler,P"]
[PlyCount "51"]
[EventDate "1994.09.??"]
[EventType "swiss"]
[EventRounds "11"]
[EventCountry "RUS"]
[SourceTitle "CBM 044"]
[Source "ChessBase"]
[SourceDate "1995.02.01"]
[SourceVersion "1"]
[SourceVersionDate "1995.02.01"]
[SourceQuality "1"]

1. e4 g6 2. d4 Bg7 3. Nf3 c6 4. Be2 d5 5. Nbd2 Bg4 6. c3 dxe4 $2 (6... Bxf3 7.
Bxf3 e6 $10) 7. Nxe4 Bxf3 $2 (7... Nd7 8. Bc4 Bxf3 9. Qxf3 Ngf6 $14) 8. Bxf3
$16 Nd7 9. Qe2 Qc7 $8 10. g3 $1 e5 $8 (10... Ngf6 11. Bf4 e5 12. Ng5 $16 {
Emelin}) 11. O-O Ne7 (11... Ngf6 12. Nxf6+ Bxf6 13. d5 $16) 12. b3 $1 (12. Bg5
f5 13. Nd2 e4 14. Bg2 Nf6 $14) 12... f5 $8 (12... O-O-O 13. Ba3 Nf5 14. Ng5 $1
Nb6 15. dxe5 Bxe5 16. Nxf7 $16) 13. Ng5 Qd6 14. dxe5 (14. Qc4 Nd5 $132) 14...
Bxe5 (14... Qxe5 15. Qc4 $18) (14... Nxe5 15. Bf4 h6 16. Rad1 Qf6 17. Bxe5 Qxe5
18. Ne6 $18) 15. Bf4 $6 (15. Qc4 Nd5 $1 $13) (15. Be3 h6 16. Rad1 Qf6 17. Nh3
a6 $1 18. Nf4 O-O-O $16) (15. Bd2 $16) 15... Bxf4 16. gxf4 Qxf4 17. Ne6 Qe5 $1
$10 18. Rfe1 (18. Qxe5 $2 Nxe5 19. Nc7+ Kf7 $1 20. Nxa8 Nxf3+ 21. Kg2 Nh4+ 22.
Kg3 g5 23. Nc7 Rc8) (18. Rad1 Qxe2 19. Bxe2 Nd5 $1 20. Bc4 (20. c4 Nc3 21. Rd2
$8 (21. Nc7+ Ke7 22. Rde1 Rac8 $17) 21... Nxe2+ 22. Rxe2 Kf7 $17) 20... Ke7 $1
21. Rfe1 (21. Bxd5 cxd5 22. Nc7 Rad8 23. Rfe1+ Kf7 $10) 21... Kd6 $1 22. Bxd5
cxd5 23. c4 Nf6 24. Nf4 Rhe8 $10) 18... Qxe2 19. Rxe2 Kf7 20. Rd1 (20. Rae1 Nc8
$1 $44) 20... Nb6 21. Ng5+ Kf6 22. h4 (22. Re6+ Kxg5 23. Rxe7 $44) 22... Rae8
23. Rd6+ Kg7 24. Ne6+ Kf7 25. Ng5+ Kg7 26. Ne6+ 1/2-1/2

[Event "Politiken Cup 18th"]
[Site "Copenhagen"]
[Date "1996.??.??"]
[Round "9"]
[White "De Firmian, Nick E"]
[Black "Hillarp Persson, Tiger"]
[Result "0-1"]
[WhiteElo "2595"]
[BlackElo "2410"]
[Annotator "Tisdall,J"]
[PlyCount "90"]
[EventDate "1996.06.??"]
[EventType "swiss"]
[EventRounds "11"]
[EventCountry "DEN"]
[SourceTitle "CBM 054"]
[Source "ChessBase"]
[SourceDate "1996.10.01"]
[SourceVersion "1"]
[SourceVersionDate "1996.10.01"]
[SourceQuality "1"]

1. e4 g6 2. d4 Bg7 3. Nc3 d6 4. f4 a6 {This seems to be the Tiger's stock and
trade - sharp, provocative chess which takes its toll on both the opponent and
his clock. However, Nick is no stranger to this kind of thing.} 5. Nf3 b5 6.
Bd3 Bb7 7. Qe2 Nd7 {This seems both more natural and more reliable than} (7...
Nc6 {which led to pandemonium after} 8. e5 Nh6 9. d5 Nb4 10. Bxb5+ c6 11. dxc6
Nxc6 12. Bc4 O-O 13. e6 fxe6 14. Bxe6+ Kh8 15. Be3 Nf5 {eventually drawn,
Peters-Christiansen Berkeley ch-US 1984, a game which could well be lodged
somewhere in Nick's subconscious.}) 8. e5 c5 $5 {A move I cannot locate in a
quick database scan, though it is also very thematic. It is a bit nonchalant
about little details like material and the black king, but Tiger Persson has
his own set of priorities.} (8... Nh6 {, showing a more conventional respect
for black's valuables, worked out well enough after} 9. Ne4 O-O 10. c3 c5 11.
e6 f5 12. exd7 c4 13. Bc2 fxe4 14. Bxe4 Bxe4 15. Qxe4 Qxd7 16. O-O Rae8 17. a4
Ng4 18. axb5 axb5 19. Ng5 e6 20. Ra6 d5 {(1/2-1/2, 26) Sax,G-Vokac,M,
Pardubice open 1994. Perhaps this whole system is rather underestimated for
black?}) 9. Ng5 (9. e6 fxe6 10. Ng5 Nf8 {does not have the desired impact on
black's position.}) 9... cxd4 $5 10. e6 f5 $5 {A neat idea - black offers a
piece to inherit the center. The clock ticks away as DeFirmian comes to grip
with this.} 11. exd7+ Qxd7 12. Nd1 $1 (12. Ne6 dxc3 13. Nxg7+ Kf7 14. Nxf5 {
looks like a terribly natural reaction. However after} gxf5 15. Qh5+ Kf8 {
black's pressure against g2 gives him good prospects. Nick elects to hold onto
his assets and wait for a better market price.}) 12... e5 13. fxe5 dxe5 14. a4
$1 {deFirmian must find something constructive to do while he prepares to
return the piece, and this move appears to fit the bill.} (14. O-O h6 $1 {
gives black a terrifying center. The attempt to combat it tactically with} (
14... e4 $6 15. Nxe4 fxe4 16. Bxe4 Qe7 17. Re1 Bxe4 18. Qxe4 Qxe4 19. Rxe4+ Kd7
{also looks playable.}) 15. Bf4 {fails to} Qe7 16. Bxb5+ axb5 17. Qxb5+ Qd7 18.
Qxd7+ Kxd7 {. Besides, in practical terms, few people would be looking out for
a way to maintain the piece and dismantle the black center.}) 14... h6 $1 15.
Nf3 e4 16. axb5 Ne7 17. bxa6 Bc6 18. Bc4 exf3 19. gxf3 {DeFirmian has managed
to calm the position down and maintain a small material edge. However, the
transformation has also resulted in a typically Tigeresque imbalance - his
disadvantage lies far away from the king positions, while his compensation
lies in the neighborhood of the white monarch.} Bd5 20. Bxd5 Qxd5 21. Nf2 O-O {
The first skirmishes are over. White has consolidated but black remains active
and has several weak pawns to target.} 22. O-O Nc6 23. Nd3 Rfe8 24. Qg2 Kh7 $5
{What would your reaction be as a 2600 GM facing an untitled hacker? This
looks like a crass oversight, but since it is followed by a new outburst of
feline activity, I am quite convinced that it was another sacrifice. More
conventional methods of defending g6:} (24... g5 25. f4 Qxg2+ 26. Kxg2 g4 {
when white keeps black pinned down thanks to his wonderfully posted knight.}) (
24... Qf7 25. Bd2 (25. f4 $5)) (24... Qd6 25. Bd2 {also allow white to begin
the process of consolidating his extra pawn in relative calm. These variations
demonstrate that it is the finely posted steed on d3 that is keeping the
position under control for white, and it is precisely this factor that is
disturbed by black's concept.}) 25. Qxg6+ Kxg6 26. Nf4+ Kf7 27. Nxd5 Re2 {
Thanks to the absence of the towering knight on d3, black can now stir up some
trouble, but the a-pawn should carry the day, shouldn't it?} 28. Rf2 Re1+ 29.
Rf1 Re2 30. Rf2 Re1+ 31. Kg2 d3 $1 {The Tiger's play in this game reminds of
one of Michael Rohde's comments to me in our youth. I asked him why he had
sacrificed so much material (four pawns, I believe) in a very messy game
against Seirawan in a US Junior championship. Rohde looked very puzzled, and
said he hadn't sacrificed anything. I reminded him of the amount and he waved
his arm and said disdainfully, "Oh, the little guys." An interesting
counterpoint to the Seirawan school of thought, which holds the slightest bit
of material gain in high regard. (Incidentally the Rohde-Seirawan tussle ended
in a draw.)} 32. cxd3 Bd4 {This move monitors the a-pawn, joins the attack and
clears the g-line. Not bad, especially when your opponent's flag is rising.}
33. Rc2 Rg8+ 34. Kh3 Rf1 (34... Ne5 {can be met by the coldblooded} 35. a7 Rf1
{When either Rc7+ or Rg2 should convert white's advantage.}) 35. Rg2 $1 {
DeFirmian has things under control, and removes a hefty chunk of the invading
army.} Rxf3+ 36. Rg3 Rgxg3+ 37. hxg3 Rf1 $1 38. Nc3 $1 {Nick again finds the
best move - will his flag survive the Tiger?} Ne5 $1 {Again black finds the
trickiest path, not distracted by the materialistic} (38... Be3 39. Ne2 Re1 40.
b4 Rxe2 (40... Nxb4 41. a7) 41. Bxe3 Rxe3 42. b5 $18) 39. a7 {I assumed at
first that it was here that Nick slipped up, but I am no longer sure.} (39. Ne2
{looks like a better try, intending} Ba7 40. Ra5 $1 {but here} (40. b4 {
does not win:} Nxd3 41. Bb2 (41. b5 Rh1+ 42. Kg2 Re1 {wins for black.}) 41...
Rxa1 42. Bxa1 Nxb4) 40... Ng4 $1 $44 {and I think black has enough
compensation for the pawns. Black has a new threat of perpetual check and} (
40... Nxd3 41. Rb5 $5) 41. Nf4 {is foiled by} Rh1+ $1 42. Kg2 Rxc1 {Nick
claimed to have missed a win in the scramble, but it is not obvious to me
where it was.}) 39... Rh1+ 40. Kg2 Rg1+ {Time control successfully reached.
Black has perpetual check.} 41. Kh3 Rh1+ 42. Kg2 Rg1+ {Now, Nick used some
deductive reasoning. He should win this game, and so perpetual check must be
avoided...} 43. Kh2 $4 Nf3+ 44. Kh3 Rh1+ 45. Kg2 Rh2+ {and mate next move on
f2. Interestingly, what stunned Nick most about the finish was that Tiger
bashed off the mate without a second's hesitation. Not a glance to check that
it was true, a 2600 player had lost his mind, that there might be something
odd. Did he expect it? From what has transpired in the meantime suggests that
such things certainly don't surprise the Tiger.} 0-1

[Event "Gausdal Eikrem Memorial"]
[Site "Gausdal"]
[Date "1996.??.??"]
[Round "9"]
[White "Stefansson, Hannes"]
[Black "Hillarp Persson, Tiger"]
[Result "0-1"]
[WhiteElo "2560"]
[BlackElo "2400"]
[Annotator "Tisdall,J"]
[PlyCount "52"]
[EventDate "1996.08.??"]
[EventType "swiss"]
[EventRounds "9"]
[EventCountry "NOR"]
[SourceTitle "CBM 054 Extra"]
[Source "ChessBase"]
[SourceDate "1996.11.01"]
[SourceVersion "1"]
[SourceVersionDate "1996.11.01"]
[SourceQuality "1"]

{In the final round, a furious Stefansson set out to repair the damage
suffered in round eight. One of the leaders throughout, a fairly unneccessary
loss to Petursson had dropped him out of the top places. Perhaps Hannes felt
quite pleased to get this rather low rated untitled Swede. Stefansson had not
been in Copenhagen, and perhaps was not fully acquainted with what he might
face.} 1. e4 g6 2. d4 Bg7 3. Nc3 d6 4. f4 a6 {The Tiger's pet system, which
led to an entertaining duel against deFirmian in the Copenhagen Open.} 5. Nf3
b5 6. Bd3 Nd7 7. Be3 {This move is relatively rare and less threatening than
lines with Qe2.} Bb7 8. O-O c5 9. dxc5 Nxc5 10. Bxc5 {This robs black's
position of some of its dynamism, but also commits white to a policy of
restriction. If black resuscitates the bishop on g7 that powerful piece should
guarantee him good chances.} dxc5 11. e5 Qb6 12. Be4 Bxe4 13. Nxe4 Nh6 {
By delaying the development of this knight black has found a nice space has
been cleared for it.} 14. c4 O-O {with a draw offer. Stefansson wanted his
share of the lead back, and only a win would do.} 15. Rc1 Rad8 16. Qe2 f6 {
This move guarantees that black will activate his slumbering forces on the
kingside.} 17. Nc3 fxe5 18. Nxe5 Nf5 19. cxb5 $2 {A fatal dose of optimism
sired this move.} (19. Kh1 {is a natural try to increase the pressure on b5
but after} Nd4 20. Qg4 Bxe5 21. fxe5 bxc4 {white's pawn structure is crumbling.
}) (19. Nd5 {seems only to postpone the imminent danger of white's position
being fully undermined:} Qd6 20. b3 (20. Rcd1 Nd4 21. Qe4 bxc4) 20... e6) 19...
c4+ 20. Qf2 Ne3 $1 {Black pounces, and suddenly there are tactical threats
everywhere. The squares e5 and f4 are under threat and if black is allowed to
recapture on b5 in peace he will simply have the better position.} 21. Na4 $2 {
This is no time to decentralize, so I assume the normally steady Stefansson
had missed a tactic here. White could consider} (21. Nc6 $5 Bd4 22. Kh1 $5 (22.
Nxd4 Nxf1) 22... Nxf1 23. Qxf1 {though} axb5 24. Nd5 Rxd5 25. Nxe7+ Kg7 26.
Nxd5 Qd6 {is a simple way to preserve a safe advantage for black.}) 21... Qd4
22. Nc6 (22. Nf3 Nxf1 $1 23. Nxd4 Bxd4 {is even worse.}) 22... Nxf1 23. Nxd8 {
There is nothing better.} Rxf4 24. Qxd4 Bxd4+ 25. Kh1 Rf5 26. Nc6 $2 {White is
losing in any event, but going down like this only serves to enhance the
Tigeresque mystique.} (26. h3 {appears to lose by force as well:} axb5 27. Nc3
Ng3+ 28. Kh2 Rf1 29. Rxf1 (29. Rc2 Be5) 29... Nxf1+ 30. Kh1 Bxc3 31. bxc3 b4 {
and white cannot catch the passed pawn.}) 26... Ng3+ {Evidence that Tiger does
not always resort to tricks and time scrambles to take scalps. His ability to
elicit blunders is too consistent to be taken lightly. The Tiger looks to be
the natural heir to Jonny Hector as Sweden's swashbuckling crowd-pleaser.} 0-1

[Event "Corus-B"]
[Site "Wijk aan Zee"]
[Date "2004.01.24"]
[Round "12"]
[White "Tiviakov, Sergei"]
[Black "Van der Wiel, John"]
[Result "1-0"]
[WhiteElo "2600"]
[BlackElo "2542"]
[Annotator "Tiviakov,S"]
[PlyCount "51"]
[EventDate "2004.01.10"]
[EventType "tourn"]
[EventRounds "13"]
[EventCountry "NED"]
[EventCategory "13"]
[SourceTitle "CBM 099"]
[Source "ChessBase"]
[SourceDate "2004.03.30"]
[SourceVersion "1"]
[SourceVersionDate "2004.03.30"]
[SourceQuality "1"]

1. e4 g6 2. d4 Bg7 3. c3 d6 4. Nf3 Nc6 $5 5. Bg5 h6 6. Bh4 g5 (6... Nf6) 7. Bg3
e6 $5 $146 (7... e5 8. dxe5 dxe5 9. Qxd8+ (9. Nbd2 $14) (9. Na3 $14) 9... Kxd8
10. Na3 $14 Be6 11. O-O-O+ Ke8 12. Bc4 Bxc4 13. Nxc4 f6 14. Ne3 Nge7 15. h4 Rd8
16. h5 Kf7 17. Nh2 Rxd1+ 18. Rxd1 Rd8 19. Re1 Ke6 20. Nhg4 b6 21. f3 Na5 22.
Re2 c6 23. Kc2 Nb7 24. Rd2 Rxd2+ 25. Kxd2 Nd6 26. Kd3 Bf8 27. Be1 f5 28. Nxf5
Nexf5 29. exf5+ Nxf5 30. Ne3 Nxe3 31. Kxe3 Kd5 32. Kd3 b5 33. b3 a6 34. c4+ Ke6
35. cxb5 cxb5 36. Ke4 Bd6 37. Ba5 Be7 38. Bc3 Bd6 39. g4 b4 40. Bd2 Bc5 41. Be1
Bf8 42. Bf2 Be7 43. Bb6 Bd6 44. Ba7 Be7 45. Bb8 Bf6 46. Bc7 Bg7 47. Bd8 Bf8 48.
Bc7 Bg7 49. Bb6 Bf8 50. Be3 Be7 51. Bc1 Bf8 52. Be3 Be7 53. Bb6 Bd6 54. Bd8 Bf8
55. Bc7 {1/2-1/2 Bucan,D-Lutz,G/Bayern 2000/EXT 2001 (55)}) (7... Nf6 8. Nbd2
$14 Ng4 9. h3 Nf6 10. Bd3 e5 11. Qe2 Qe7 12. O-O-O Be6 13. d5 Bg4 14. dxc6 Bxf3
15. Qxf3 bxc6 16. Bc2 c5 17. Ba4+ Kd8 18. Nc4 Qe6 19. Qd3 Rb8 20. Bxe5 Re8 21.
Bxe8 Nxe8 22. Bxg7 Nxg7 23. e5 Nf5 24. exd6 Nxd6 25. Nxd6 cxd6 26. Rhe1 Qxa2
27. Qxd6+ Kc8 28. Qd7# {1-0 Paasikangas Tella,J-Niinisto,S/Vammala FIN 2002/
IW420 Inforchess (28)}) 8. h4 $1 (8. d5 exd5 9. exd5 Nce7 $13 {/\f5, /\Ng6}) (
8. Bb5 $5) 8... f5 (8... g4 9. Nfd2 $16) 9. exf5 (9. hxg5 hxg5 10. Rxh8 Bxh8
11. exf5 exf5 12. Qe2+ Kf8 $13) 9... exf5 10. d5 (10. Qe2+ Kf8) 10... Qe7+ $8 (
10... Ne5 11. hxg5 Nxf3+ 12. Qxf3 Qxg5 13. Nd2 $16) 11. Kd2 (11. Qe2 Nb4 $1 (
11... Ne5 12. Bxe5 (12. Nxe5 dxe5 13. hxg5 f4 $1) 12... dxe5 $13) 12. Na3 g4
$15) 11... Ne5 (11... f4 $5 12. Bxf4 Qe4 (12... gxf4 13. dxc6 $16) 13. dxc6 (
13. Qe2 Qxe2+ 14. Bxe2 gxf4 15. dxc6 bxc6 $13) 13... Qxf4+ 14. Kc2 $14) 12.
hxg5 hxg5 13. Rxh8 (13. Nxe5 Rxh1 14. Bb5+ Bd7 $1 $15) 13... Bxh8 14. Nxe5 Bxe5
15. Bxe5 dxe5 (15... Qxe5 16. Qh5+ $16 {/\Qg5}) 16. Qh5+ Qf7 $6 (16... Kf8 $142
17. Na3 $14 {עf8} (17. Kc2 $5) (17. Bc4 Qc5 $1 $13)) 17. Qxg5 Qxd5+ 18. Ke1 $5
(18. Kc2 Be6 19. Nd2 Rd8 20. Re1 $14 (20. Bc4 Qxd2+ 21. Qxd2 Rxd2+ 22. Kxd2
Bxc4 $17)) 18... Be6 (18... Qf7 19. Nd2 Be6 20. Nf3 e4 21. Nd4 $16) 19. Nd2 Kf8
$6 (19... Rd8 20. Bc4 (20. Be2 $5) 20... Qd7 (20... Qxd2+ 21. Qxd2 Rxd2 22.
Bxe6 $18) 21. Bb3 $14 (21. Bxe6 Qxe6 22. Nf3 $14)) 20. Be2 $16 Re8 (20... Qd8
21. Qe3 Qd6 22. Nf3 e4 23. Nd4 $16) 21. Nf3 (21. Rd1 $5 Qxa2 (21... e4 22. Nf3
{- 21.Nf3}) 22. Bh5 (22. Nf3 Qxb2 23. Kf1 Qxc3 24. Rc1 (24. Nh4 Bf7 25. Nxf5 e4
$13) 24... Qb2 25. Nh4 Bf7 26. Nxf5 e4 27. Rxc7 Qa1+ 28. Rc1 Qf6 $13) 22... Bf7
(22... Ra8 23. g4 fxg4 24. Ne4 Qxb2 (24... Qc4 25. Qxe5 $18 {->}) 25. Qxe5 $18
{->}) 23. Qxf5 Qe6 $14) 21... e4 (21... Qe4 22. Nh4 Bc4 23. Qxf5+ Qxf5 24. Nxf5
$18) 22. Rd1 $1 (22. Nd4 c5 23. Nxe6+ Qxe6 $14) 22... Qxa2 23. Nd4 (23. Nh4 $5
Qxb2 24. Ng6+ Kf7 25. Ne5+ Kf8 26. Ng6+ Kf7 27. Bh5 Qxc3+ 28. Kf1 Qf6 $13)
23... Qd5 $8 24. Bh5 Ra8 (24... Rc8 25. g4 $18) 25. Bg6 $6 $138 (25. g4 $18 Qe5
(25... fxg4 26. Bxg4 Qxg5 (26... Bf7 27. Ne6+ $18) 27. Nxe6+ $18) 26. Qf4 Qxf4
(26... Qf6 27. g5 $18) 27. Nxe6+ Ke7 28. Nxf4 $18) 25... c5 $4 (25... Qe5 $142
26. Nxf5 Qf6 27. Nd4 Bd7 28. Qc5+ Ne7 29. Bxe4 $18) 26. Nxf5 {[26...Qe5 27.
Rd8+-]} 1-0